000 00198nam a22000857a 4500
999 _c23737
_d23737
005 20250212123126.0
008 250212b ||||| |||| 00| 0 eng d
040 _csk
245 _aHovoria o nich pramene II